00736nam a2200217Ia 4500003000900000008004100009020002200050040001600072080001900088100002000107245008600127250001200213260004300225300001400268650003900282650003300321650001900354942000700373999001700380952012100397IN-BaIIA211028s9999 xx 000 0 eng d a978-81-224-0503-3 cIIA Library a621.337.1bGOP aGopal, M.99199 0aModern control system theorycM. Gopal  a2nd ed. aNew DelhibNew Age Internationalc2009 axx, 688p. aControl systems engineering917560 aElectrical engineering91774 aNASA Thesaurus cBK c10335d10335 00104070aBANbBANcGENd1992-03-04g75.00l0o621.337.1/ GOPp11245r2021-11-05v75.00w1992-03-04yBKGRs. 75.00